[Event "ZI-2022-0-02739"]
[Site "LSS email"]
[Date "2022.11.04"]
[Round "?"]
[White "Cabrera, Claudio"]
[Black "Fels, Bernhard"]
[Result "1-0"]
[WhiteElo "1663"]
[BlackElo "1988"]
[PlyCount "35"]
[EventDate "2022.10.04"]
[EventType "match (corr)"]
[EventRounds "2"]
[EventCountry "GER"]
[SourceTitle "Corr 2024"]
[Source "ChessBase"]
[SourceDate "2023.10.19"]
[SourceVersion "1"]
[SourceVersionDate "2023.10.19"]
[SourceQuality "1"]

1. c4 e5 2. Nc3 Nf6 3. Nf3 Nc6 4. a3 g6 5. g3 Bg7 6. Bg2 0-0 7. d3 d6 8. Bg5 h6 9. Be3 Be6 10. 0-0 Nd7 11. Ne1 Nd4 12. b4 c6 13. Bd2 Nf5 14. Rb1 Ne7 15. e4 Rc8 16. b5 f5 17. exf5 Qa5 18. fxe6 1-0

[Event "ZI-2022-0-02714"]
[Site "LSS email"]
[Date "2022.02.22"]
[Round "?"]
[White "Fels, Bernhard"]
[Black "Joubert, Hennie"]
[Result "1-0"]
[WhiteElo "1985"]
[BlackElo "1611"]
[PlyCount "35"]
[EventDate "2022.01.19"]
[EventType "match (corr)"]
[EventRounds "2"]
[EventCountry "GER"]
[SourceTitle "Corr 2024"]
[Source "ChessBase"]
[SourceDate "2023.10.19"]
[SourceVersion "1"]
[SourceVersionDate "2023.10.19"]
[SourceQuality "1"]

1. b3 Nf6 2. Bb2 g6 3. Bxf6 exf6 4. c4 Bg7 5. Nc3 0-0 6. g3 d6 7. Bg2 f5 8. Rc1 Nc6 9. e3 Be6 10. d4 Bd7 11. Nge2 Qe7 12. a3 Rae8 13. b4 a6 14. b5 axb5 15. Nd5 Qd8 16. cxb5 Ne7 17. Nxc7 Bxb5 18. Nxb5 1-0

[Event "ZI-2022-0-02713"]
[Site "LSS email"]
[Date "2022.01.20"]
[Round "?"]
[White "Bokros, Janos"]
[Black "Fels, Bernhard"]
[Result "0-1"]
[WhiteElo "1629"]
[BlackElo "1993"]
[PlyCount "78"]
[EventDate "2022.01.18"]
[EventType "match (corr)"]
[EventRounds "2"]
[EventCountry "GER"]
[SourceTitle "Corr 2024"]
[Source "ChessBase"]
[SourceDate "2023.10.19"]
[SourceVersion "1"]
[SourceVersionDate "2023.10.19"]
[SourceQuality "1"]

1. e4 e6 2. d4 d5 3. exd5 exd5 4. Nf3 Nf6 5. Bb5+ c6 6. Bd3 Bd6 7. Qe2+ Be7 8. 0-0 0-0 9. Nc3 Re8 10. Re1 Bg4 11. Bg5 Nbd7 12. h3 Bh5 13. Qe3 Qb6 14. Ne5 Bd6 15. f4 Bg6 16. a4 Qxb2 17. Bxg6 hxg6 18. Rab1 Qxc2 19. Rxb7 Rab8 20. Rxb8 Rxb8 21. Rc1 Qb2 22. Nd1 Qb7 23. Nc3 Nf8 24. Bh4 Re8 25. Rb1 Qc7 26. Rc1 Qb7 27. Rb1 Qa6 28. Qe2 Qc8 29. Rc1 Ne6 30. Qd2 Bc7 31. Ne2 Ne4 32. Qa2 g5 33. Bf2 Nxf2 34. Kxf2 Nxf4 35. Nxf4 Bxe5 36. dxe5 gxf4 37. Qb2 c5 38. Qb5 Qe6 39. Qxc5 Qxe5 0-1

[Event "ZI-2022-0-02713"]
[Site "LSS email"]
[Date "2022.01.20"]
[Round "?"]
[White "Fels, Bernhard"]
[Black "Bokros, Janos"]
[Result "1-0"]
[WhiteElo "1993"]
[BlackElo "1629"]
[PlyCount "77"]
[EventDate "2022.01.18"]
[EventType "match (corr)"]
[EventRounds "2"]
[EventCountry "GER"]
[SourceTitle "Corr 2024"]
[Source "ChessBase"]
[SourceDate "2023.10.19"]
[SourceVersion "1"]
[SourceVersionDate "2023.10.19"]
[SourceQuality "1"]

1. d4 d5 2. Nc3 Nf6 3. Bf4 g6 4. Qd2 Bg7 5. f3 c5 6. e3 cxd4 7. exd4 Nc6 8. 0-0-0 a6 9. Kb1 h6 10. Nge2 b5 11. Nc1 e6 12. Nb3 Nd7 13. Bd3 Nb6 14. h4 Nc4 15. Qc1 h5 16. Rhe1 Kf8 17. Bg5 Qd6 18. a4 Kg8 19. Qf4 Qxf4 20. Bxf4 Nb6 21. axb5 Nxd4 22. Bc7 Nd7 23. b6 Nxb3 24. cxb3 Bf6 25. g3 Bb7 26. Na4 Be7 27. Rc1 Rc8 28. Bf1 Kf8 29. Red1 Rg8 30. Rd4 Bf6 31. Rd3 Be7 32. f4 f5 33. Be2 Kf7 34. Rdd1 Rge8 35. Rc2 Bb4 36. Rd4 Be1 37. b4 Bxg3 38. Nc5 Nxc5 39. bxc5 1-0

[Event "GER OS-376 email"]
[Site "GER email"]
[Date "2019.05.19"]
[Round "?"]
[White "Fels, Bernhard"]
[Black "Kuhn, Gerhard"]
[Result "1/2-1/2"]
[WhiteElo "1916"]
[BlackElo "1720"]
[PlyCount "90"]
[EventDate "2019.05.28"]
[EventType "tourn (corr)"]
[EventRounds "6"]
[EventCountry "GER"]
[SourceTitle "Corr 2022"]
[Source "ChessBase"]
[SourceDate "2021.10.24"]
[SourceVersion "1"]
[SourceVersionDate "2021.10.24"]
[SourceQuality "1"]

1. d4 Nf6 2. Bg5 e6 3. e4 h6 4. Bxf6 Qxf6 5. c3 d6 6. Bd3 e5 7. Ne2 Qd8 8. 0-0 Be7 9. f4 0-0 10. Nd2 Bg4 11. h3 Bxe2 12. Qxe2 Nd7 13. Bc2 c5 14. fxe5 dxe5 15. d5 Bg5 16. Rad1 Bxd2 17. Rxd2 Qb6 18. Kh2 Rad8 19. Ba4 Nf6 20. Rd3 Rd6 21. c4 Nh7 22. a3 Rf6 23. Rb1 Qc7 24. Rc3 a5 25. g3 h5 26. Qxh5 Rf2+ 27. Kg1 Rd2 28. Rd1 Rd4 29. Re1 Qe7 30. h4 Rd8 31. Bc2 Rd6 32. Qf5 Rb6 33. b3 Qe8 34. a4 Rf6 35. Qg4 Rg6 36. Qf5 Rf6 37. Qg4 Rg6 38. Qe2 Qe7 39. Qh5 Nf6 40. Qf5 Ne8 41. Qh3 Rf6 42. Qg2 Nd6 43. Rce3 Qd8 44. Bd1 Qb6 45. Bc2 Qb4 1/2-1/2

[Event "GER OS-376 email"]
[Site "GER email"]
[Date "2019.05.19"]
[Round "?"]
[White "Fels, Bernhard"]
[Black "Ramus, Norbert"]
[Result "1-0"]
[WhiteElo "1916"]
[BlackElo "1341"]
[PlyCount "47"]
[EventDate "2019.05.28"]
[EventType "tourn (corr)"]
[EventRounds "6"]
[EventCountry "GER"]
[SourceTitle "Corr 2022"]
[Source "ChessBase"]
[SourceDate "2021.10.24"]
[SourceVersion "1"]
[SourceVersionDate "2021.10.24"]
[SourceQuality "1"]

1. d4 Nf6 2. Bg5 e6 3. e4 h6 4. Bxf6 Qxf6 5. c3 d6 6. Bd3 e5 7. Ne2 g6 8. Nd2 Bg7 9. 0-0 Nc6 10. d5 Ne7 11. c4 0-0 12. b4 Bd7 13. Nc3 Nc8 14. Qc2 Re8 15. Nb3 Bf8 16. a4 Be7 17. c5 Rb8 18. c6 bxc6 19. Na5 Rb6 20. Nxc6 Bxc6 21. dxc6 d5 22. Nxd5 Qxc6 23. Qxc6 Rxc6 24. Bb5 1-0